| 000 -LEADER |
| fixed length control field |
01755 a2200277 4500 |
| 003 - CONTROL NUMBER IDENTIFIER |
| control field |
Nust |
| 005 - DATE AND TIME OF LATEST TRANSACTION |
| control field |
20170207154037.0 |
| 010 ## - LIBRARY OF CONGRESS CONTROL NUMBER |
| LC control number |
2002155887 |
| 020 ## - INTERNATIONAL STANDARD BOOK NUMBER |
| International Standard Book Number |
0471269239 (PAPER/WEBSITE) |
| 040 ## - CATALOGING SOURCE |
| Transcribing agency |
Nust |
| 082 00 - DEWEY DECIMAL CLASSIFICATION NUMBER |
| Classification number |
005.7565 |
| 100 1# - MAIN ENTRY--PERSONAL NAME |
| Personal name |
Matthews, Mark. |
| 245 10 - TITLE STATEMENT |
| Title |
MySQL and Java developer's guide (E-BOOK) |
| Statement of responsibility, etc. |
Mark Matthews, Jim Cole, Joseph D. Gradecki. |
| 260 ## - PUBLICATION, DISTRIBUTION, ETC. |
| Place of publication, distribution, etc. |
New York : |
| Name of publisher, distributor, etc. |
Wiley Pub., |
| Date of publication, distribution, etc. |
c2003. |
| 300 ## - PHYSICAL DESCRIPTION |
| Extent |
xxii, 410 p. : |
| Other physical details |
ill. ; |
| Dimensions |
23 cm. |
| 440 #0 - SERIES STATEMENT/ADDED ENTRY--TITLE |
| Title |
Java open source library |
| 505 ## - FORMATTED CONTENTS NOTE |
| Formatted contents note |
Chapter 1 An Overview of MySQL(Page 1) Chapter 2 JDBC and Connector/J (Page-9) Chapter 3 Working with MySQL SQL25 (Page-25) Chapter 4 Installing MySQL, Java, and Connector/J (Page-61) Chapter 5 Using JDBC with Java Applications and Applets Page 67 Chapter 6 Achieving Advanced Connector/J Functionality with Servlets (Page-119) Chapter 7 MySQL Type Mapping Page-165 Chapter 8 Transactions and Table Locking with Connector/J Page-181 Chapter 9 Using Metadata (Page-197) Chapter 10 Connection Pooling with Connector/J (Page-211) Chapter 11 EJBs with MySQL (Page-223)Chapter 12 Building a General Interface for MySQL(Page-247) Chapter 13 Database Administration (Page287) Chapter 14 Performance and Tuning (Page-305) |
| 650 #0 - SUBJECT ADDED ENTRY--TOPICAL TERM |
| Topical term or geographic name entry element |
Java (Computer program language) |
| 650 #0 - SUBJECT ADDED ENTRY--TOPICAL TERM |
| Topical term or geographic name entry element |
SQL (Computer program language) |
| 651 ## - SUBJECT ADDED ENTRY--GEOGRAPHIC NAME |
| Geographic name |
MySQL and Java developer's guide (E-BOOK) |
| 700 1# - ADDED ENTRY--PERSONAL NAME |
| Personal name |
Cole, Jim, |
| Dates associated with a name |
1964- |
| 700 1# - ADDED ENTRY--PERSONAL NAME |
| Personal name |
Gradecki, Joe, |
| Dates associated with a name |
1967- |
| 856 42 - ELECTRONIC LOCATION AND ACCESS |
| Materials specified |
Contributor biographical information |
| Uniform Resource Identifier |
<a href="http://www.loc.gov/catdir/bios/wiley045/2002155887.html">http://www.loc.gov/catdir/bios/wiley045/2002155887.html</a> |
| 856 42 - ELECTRONIC LOCATION AND ACCESS |
| Materials specified |
Publisher description |
| Uniform Resource Identifier |
<a href="http://www.loc.gov/catdir/description/wiley038/2002155887.html">http://www.loc.gov/catdir/description/wiley038/2002155887.html</a> |
| 856 42 - ELECTRONIC LOCATION AND ACCESS |
| Materials specified |
Table of contents |
| Uniform Resource Identifier |
<a href="http://www.loc.gov/catdir/toc/wiley031/2002155887.html">http://www.loc.gov/catdir/toc/wiley031/2002155887.html</a> |
| 942 ## - ADDED ENTRY ELEMENTS (KOHA) |
| Source of classification or shelving scheme |
|
| Koha item type |
Book |